| 000 | 00629nam a2200193 a 4500 | ||
|---|---|---|---|
| 008 | 160520s2012 ||||||||||||||||| || u | ||
| 020 | _a9781444138283 | ||
| 050 | _aK 24 Hal | ||
| 100 | _aHalstead, Peter | ||
| 245 | 1 | 0 |
_aJurisprudence:Key facts. (2nd ed.) _cBy Peter Halstead |
| 250 | _a2nd ed. | ||
| 260 |
_aLondon: _bHodder Education _c2012 |
||
| 300 | _a132p.: ill. | ||
| 350 | _a22.95 | ||
| 490 | _aKey facts series | ||
| 650 | _aJURISPRUDENCE | ||
| 650 | _aLAW | ||
| 995 |
_FCBU-MAIN LIBRARY (Kitwe) _I22.95 _M1 _UOUT _WJun 10, 2016 _ZMain Library Open Access Collection |
||
| 999 |
_c48528 _d48528 |
||